[Event "New York op"]
[Site "New York"]
[Date "1993.??.??"]
[Round "2"]
[White "Morris, Matthew"]
[Black "Koren, Inna"]
[Result "1-0"]
[WhiteElo "2345"]
[BlackElo "2195"]
[PlyCount "53"]
[EventDate "1993.04.07"]
[EventType "swiss"]
[EventRounds "9"]
[EventCountry "USA"]
[SourceTitle "TD"]
[Source "ChessBase"]
[SourceDate "1994.03.01"]
[SourceVersion "1"]
[SourceVersionDate "1994.03.01"]
[SourceQuality "1"]

1. e4 c5 2. Nf3 d6 3. d4 cxd4 4. Nxd4 Nf6 5. Nc3 Nc6 6. Bg5 e6 7. Qd2 a6 8. 0-0-0 h6 9. Bf4 Bd7 10. Bg3 Rc8 11. Nb3 Ne5 12. f4 Nc4 13. Bxc4 Rxc4 14. Qe2 Qc7 15. e5 Rxc3 16. exf6 Bb5 17. Qf2 Rc4 18. f5 e5 19. fxg7 Bxg7 20. f6 Bf8 21. Rhe1 a5 22. Rd5 Bd7 23. Bxe5 dxe5 24. Rexe5+ Be6 25. Nd4 Bd6 26. Nxe6 fxe6 27. Rxe6+ 1-0

[Event "Olympiad Women-28"]
[Site "Thessaloniki"]
[Date "1988.11.27"]
[Round "13"]
[White "Koren, Inna"]
[Black "Madl, Ildiko"]
[Result "1/2-1/2"]
[WhiteElo "2190"]
[BlackElo "2345"]
[PlyCount "105"]
[EventDate "1988.11.13"]
[EventType "team-swiss"]
[EventRounds "14"]
[EventCountry "GRE"]
[SourceTitle "EXT 2019"]
[Source "ChessBase"]
[SourceDate "2018.10.10"]
[SourceVersion "1"]
[SourceVersionDate "2018.10.10"]
[SourceQuality "1"]
[WhiteTeam "United States (W)"]
[BlackTeam "Hungary (W)"]
[WhiteTeamCountry "USA"]
[BlackTeamCountry "HUN"]

1. e4 c5 2. Nf3 d6 3. d4 cxd4 4. Nxd4 Nf6 5. Nc3 Nc6 6. g3 g6 7. Bg2 Nxd4 8. Qxd4 Bg7 9. Be3 0-0 10. Qd2 Ng4 11. Bd4 Ne5 12. f4 Nc4 13. Qf2 e5 14. fxe5 Nxb2 15. 0-0 Bxe5 16. Nd5 Nc4 17. Rad1 Be6 18. Nf6+ Qxf6 19. Qxf6 Bxf6 20. Rxf6 Rac8 21. Bxa7 b6 22. Bf1 Ne3 23. Rxd6 Ng4 24. Rf4 g5 25. Rf3 Rxc2 26. Bxb6 Nxh2 27. Rf2 Rxf2 28. Bxf2 Nxf1 29. Kxf1 Bxa2 30. Ke2 Be6 31. Be3 h6 32. Bd4 Kh7 33. Bf6 Kg6 34. Rd8 Rxd8 35. Bxd8 Kh5 36. Bf6 Kg4 37. Kf2 Bd7 38. Be5 Bc6 39. Bg7 h5 40. e5 h4 41. gxh4 gxh4 42. e6 fxe6 43. Be5 Kf5 44. Bh2 e5 45. Ke3 Bg2 46. Kf2 Bh1 47. Ke3 e4 48. Bc7 Bf3 49. Bd8 Kg4 50. Bc7 Kh3 51. Kf2 Bh5 52. Bd8 Bg6 53. Bc7 1/2-1/2

[Event "Olympiad Women-28"]
[Site "Thessaloniki"]
[Date "1988.11.25"]
[Round "11"]
[White "Litynska, Marta"]
[Black "Koren, Inna"]
[Result "1-0"]
[WhiteElo "2400"]
[BlackElo "2190"]
[PlyCount "111"]
[EventDate "1988.11.13"]
[EventType "team-swiss"]
[EventRounds "14"]
[EventCountry "GRE"]
[SourceTitle "EXT 2019"]
[Source "ChessBase"]
[SourceDate "2018.10.10"]
[SourceVersion "1"]
[SourceVersionDate "2018.10.10"]
[SourceQuality "1"]
[WhiteTeam "Soviet Union (W)"]
[BlackTeam "United States (W)"]
[WhiteTeamCountry "URS"]
[BlackTeamCountry "USA"]

1. d4 Nf6 2. c4 g6 3. Nc3 Bg7 4. e4 d6 5. Nf3 0-0 6. Be2 e5 7. d5 Na6 8. Bg5 h6 9. Bh4 Qe8 10. Nd2 Nh7 11. 0-0 Bd7 12. a3 Nc5 13. Nb5 Qc8 14. b4 Na6 15. Rc1 g5 16. Bg3 f5 17. f3 fxe4 18. fxe4 Rxf1+ 19. Nxf1 Nf6 20. Qc2 Qe8 21. Bf2 Bf8 22. Ne3 c6 23. dxc6 bxc6 24. Nxd6 Bxd6 25. c5 Nxc5 26. bxc5 Bc7 27. Nf5 Kh7 28. Rd1 Bxf5 29. exf5 Rd8 30. Rxd8 Qxd8 31. Qa4 Qa8 32. h4 a5 33. Qb3 Qe8 34. Bc4 Qh5 35. Be2 Qe8 36. hxg5 hxg5 37. Qh3+ Kg7 38. Be3 Nh7 39. Qg4 Bd8 40. Bf3 Bf6 41. Qa4 Qd7 42. Be4 Bd8 43. Qxc6 Qxc6 44. Bxc6 g4 45. Kf2 Bh4+ 46. Ke2 Bd8 47. Kd3 Bc7 48. Kc4 Nf6 49. Kb5 Nh5 50. a4 Ng3 51. Bd7 Nf1 52. Bg5 e4 53. f6+ Kf7 54. Bxg4 e3 55. Bh5+ Kf8 56. Bh6+ 1-0

[Event "Olympiad Women-28"]
[Site "Thessaloniki"]
[Date "1988.11.18"]
[Round "5"]
[White "Koren, Inna"]
[Black "Borek, Jutta"]
[Result "1-0"]
[WhiteElo "2190"]
[BlackElo "2070"]
[PlyCount "45"]
[EventDate "1988.11.13"]
[EventType "team-swiss"]
[EventRounds "14"]
[EventCountry "GRE"]
[SourceTitle "EXT 2019"]
[Source "ChessBase"]
[SourceDate "2018.10.10"]
[SourceVersion "1"]
[SourceVersionDate "2018.10.10"]
[SourceQuality "1"]
[WhiteTeam "United States (W)"]
[BlackTeam "Austria (W)"]
[WhiteTeamCountry "USA"]
[BlackTeamCountry "AUT"]

1. e4 e6 2. d4 d5 3. Nc3 Nc6 4. e5 f6 5. Bb5 Bd7 6. Nf3 a6 7. Bxc6 Bxc6 8. 0-0 f5 9. Ne2 Bb5 10. a4 Bxe2 11. Qxe2 Qd7 12. c3 c5 13. dxc5 Bxc5 14. Rd1 Qc6 15. h4 Rc8 16. Bg5 g6 17. Bf6 Nxf6 18. exf6 0-0 19. f7+ Kg7 20. Ng5 Qd6 21. Nxe6+ Kxf7 22. Nxf8 Qxf8 23. Qf3 1-0

[Event "Olympiad Women-28"]
[Site "Thessaloniki"]
[Date "1988.11.16"]
[Round "4"]
[White "Koren, Inna"]
[Black "Nirmala, P."]
[Result "1-0"]
[WhiteElo "2190"]
[BlackElo "2025"]
[PlyCount "157"]
[EventDate "1988.11.13"]
[EventType "team-swiss"]
[EventRounds "14"]
[EventCountry "GRE"]
[SourceTitle "EXT 2019"]
[Source "ChessBase"]
[SourceDate "2018.10.10"]
[SourceVersion "1"]
[SourceVersionDate "2018.10.10"]
[SourceQuality "1"]
[WhiteTeam "United States (W)"]
[BlackTeam "India (W)"]
[WhiteTeamCountry "USA"]
[BlackTeamCountry "IND"]

1. e4 c6 2. d4 d5 3. exd5 cxd5 4. c4 Nf6 5. Nc3 g6 6. Nf3 Bg7 7. Qb3 0-0 8. cxd5 Nbd7 9. a4 Nb6 10. a5 Nbxd5 11. Bc4 Nxc3 12. bxc3 Qc7 13. Ne5 e6 14. 0-0 Rd8 15. Re1 Nd5 16. Bd2 Rd6 17. Bd3 Qd8 18. Be4 b5 19. axb6 Rxb6 20. Qd1 Bb7 21. c4 Nf6 22. c5 Bxe4 23. cxb6 Qxd4 24. Rxa7 Rxa7 25. bxa7 Qxa7 26. Bg5 Bd5 27. Qc2 Ne4 28. Qc8+ Bf8 29. Be3 Qa5 30. Rc1 Bb7 31. Qxb7 Qxe5 32. Qa8 Kg7 33. Bh6+ Kxh6 34. Qxf8+ Qg7 35. Qb4 Qe5 36. f3 Qg5 37. Re1 Qc5+ 38. Qxc5 Nxc5 39. Rc1 Nd3 40. Rc7 Kg7 41. Kf1 Kf6 42. Ke2 Ne5 43. Ke3 g5 44. Ke4 Ng6 45. g3 Ne7 46. Rd7 Ng6 47. Rd8 Ke7 48. Rg8 Kf6 49. Ra8 Kg7 50. Kd4 Kf6 51. Ra7 Ne5 52. Ra3 Ng6 53. Kc5 Ke7 54. Ra7+ Kf6 55. Rb7 Ne5 56. Rb3 Ke7 57. Re3 Kf6 58. Ra3 Ng6 59. Kd6 Ne5 60. Rc3 Ng6 61. Kd7 h5 62. Ke8 h4 63. Rc7 Nh8 64. Kf8 Ng6+ 65. Kg8 Ne7+ 66. Kh7 hxg3 67. hxg3 Nf5 68. g4 Ne7 69. Kh6 Ng6 70. Rc5 Ne5 71. Rxe5 Kxe5 72. Kxg5 f5 73. Kh6 fxg4 74. fxg4 Kf4 75. g5 e5 76. g6 e4 77. g7 e3 78. g8Q e2 79. Qg1 1-0

[Event "Saint John op-2"]
[Site "Saint John"]
[Date "1988.??.??"]
[Round "?"]
[White "Djuric, Stefan"]
[Black "Koren, Inna"]
[Result "1-0"]
[WhiteElo "2475"]
[BlackElo "2205"]
[PlyCount "89"]
[EventDate "1988.02.08"]
[EventType "swiss"]
[EventRounds "9"]
[EventCountry "CAN"]
[SourceTitle "CBM 006"]
[Source "ChessBase"]
[SourceDate "1988.10.01"]
[SourceVersion "1"]
[SourceVersionDate "1988.10.01"]
[SourceQuality "1"]

1. e4 c5 2. Nf3 d6 3. d4 cxd4 4. Nxd4 Nf6 5. Nc3 Nc6 6. f4 Bd7 7. Nf3 e6 8. Bd3 Qb6 9. a3 a6 10. Qe2 Be7 11. Be3 Qxb2 12. Kd2 Na5 13. Rhb1 Nb3+ 14. Kd1 Qxc3 15. cxb3 0-0 16. Ra2 Rac8 17. Bd4 Qa5 18. Qd2 Qxd2+ 19. Nxd2 Bc6 20. Ke2 d5 21. e5 Nh5 22. Ke3 f6 23. g3 g5 24. Nf3 gxf4+ 25. gxf4 f5 26. a4 Bb4 27. Rg1+ Kh8 28. Rag2 Be7 29. Be2 h6 30. Rg6 Kh7 31. Rxe6 Rc7 32. Rxe7+ Rxe7 33. Bc5 Rfe8 34. Bxe7 Rxe7 35. Nd4 Ng7 36. Bd3 Bd7 37. Rc1 Be6 38. Nxe6 Rxe6 39. Rc7 Rb6 40. Bxf5+ Kg8 41. Bc2 Ne6 42. Rc8+ Kg7 43. f5 d4+ 44. Ke4 d3 45. Kxd3 1-0

[Event "Saint John op-2"]
[Site "Saint John"]
[Date "1988.??.??"]
[Round "?"]
[White "Schwartzman, Gabriel"]
[Black "Koren, Inna"]
[Result "1-0"]
[WhiteElo "2560"]
[BlackElo "2205"]
[PlyCount "63"]
[EventDate "1988.02.08"]
[EventType "swiss"]
[EventRounds "9"]
[EventCountry "CAN"]
[SourceTitle "CBM 006"]
[Source "ChessBase"]
[SourceDate "1988.10.01"]
[SourceVersion "1"]
[SourceVersionDate "1988.10.01"]
[SourceQuality "1"]

1. Nf3 Nf6 2. b3 d6 3. Bb2 g6 4. d4 Bg7 5. g3 0-0 6. Bg2 Nbd7 7. 0-0 c5 8. d5 b5 9. c4 bxc4 10. bxc4 Rb8 11. Bc3 Nb6 12. Nbd2 Ba6 13. Rc1 Qd7 14. Ba1 Qa4 15. Qb3 Bh6 16. Rc2 Bc8 17. e4 Qa6 18. Qd3 Bd7 19. Re1 Rb7 20. Qe2 Qa4 21. Nb3 Bg7 22. e5 Nh5 23. Ng5 Bf5 24. Be4 Bxe4 25. Nxe4 Nc8 26. g4 Nf4 27. Qe3 Nxd5 28. cxd5 c4 29. Nc3 Qd7 30. e6 fxe6 31. dxe6 Qc6 32. Na5 1-0

[Event "Smederevska Palanka Interzonal (Women)"]
[Site "Smederevska Palanka"]
[Date "1987.07.17"]
[Round "2"]
[White "Koren, Inna"]
[Black "Wu, Mingqian"]
[Result "1-0"]
[WhiteElo "2120"]
[BlackElo "2205"]
[PlyCount "57"]
[EventDate "1987.07.16"]
[EventType "tourn"]
[EventRounds "15"]
[EventCountry "YUG"]
[EventCategory "2"]
[SourceTitle "EXT 2002"]
[Source "ChessBase"]
[SourceDate "2001.11.25"]
[SourceVersion "1"]
[SourceVersionDate "2001.11.25"]
[SourceQuality "1"]

1. e4 e5 2. Nf3 Nc6 3. d4 exd4 4. Bc4 Be7 5. c3 Nf6 6. e5 Ne4 7. Bd5 Nc5 8. cxd4 Ne6 9. 0-0 g5 10. Be3 h5 11. Nc3 g4 12. Ne1 f5 13. exf6 Bxf6 14. Nc2 Ne7 15. Qd3 c6 16. Bxe6 dxe6 17. Ne4 Nd5 18. Rae1 b6 19. f3 Be7 20. Bd2 Kd7 21. fxg4 hxg4 22. Rf7 Qg8 23. Ref1 Kd8 24. Qg3 Bd7 25. Qe5 Rh7 26. Rxh7 Qxh7 27. Ne3 Nxe3 28. Bxe3 Kc8 29. Bf4 1-0

[Event "Olympiad Women-26"]
[Site "Thessaloniki"]
[Date "1984.11.29"]
[Round "10"]
[White "Koren, Inna"]
[Black "Lebel Arias, Julia"]
[Result "1-0"]
[WhiteElo "1855"]
[BlackElo "1985"]
[PlyCount "75"]
[EventDate "1984.11.19"]
[EventType "team-swiss"]
[EventRounds "14"]
[EventCountry "GRE"]
[SourceTitle "EXT 2019"]
[Source "ChessBase"]
[SourceDate "2018.10.10"]
[SourceVersion "1"]
[SourceVersionDate "2018.10.10"]
[SourceQuality "1"]
[WhiteTeam "United States (W)"]
[BlackTeam "France (W)"]
[WhiteTeamCountry "USA"]
[BlackTeamCountry "FRA"]

1. e4 Nf6 2. e5 Nd5 3. d4 d6 4. c4 Nb6 5. f4 dxe5 6. fxe5 c5 7. d5 g6 8. Nf3 Bg7 9. Nc3 Bg4 10. Bf4 0-0 11. h3 Bxf3 12. Qxf3 e6 13. 0-0-0 exd5 14. Nxd5 Nxd5 15. Rxd5 Qa5 16. a3 Nc6 17. Qe3 Nd4 18. Qxd4 Qe1+ 19. Qd1 Qe4 20. Qf3 Qe1+ 21. Rd1 Qa5 22. Bd3 Rad8 23. Be4 Rd4 24. Rxd4 cxd4 25. Bd5 b5 26. Bd2 Qc7 27. Bb4 bxc4 28. Bxf8 Bxf8 29. Rf1 Bh6+ 30. Kd1 Qb8 31. Qxf7+ Kh8 32. Bxc4 d3 33. Qg8+ Qxg8 34. Bxg8 Kxg8 35. e6 Bg5 36. b4 h5 37. b5 Be7 38. a4 1-0

[Event "Olympiad Women-26"]
[Site "Thessaloniki"]
[Date "1984.11.24"]
[Round "6"]
[White "Baumann, Claude"]
[Black "Koren, Inna"]
[Result "1-0"]
[WhiteElo "1900"]
[BlackElo "1855"]
[PlyCount "84"]
[EventDate "1984.11.19"]
[EventType "team-swiss"]
[EventRounds "14"]
[EventCountry "GRE"]
[SourceTitle "EXT 2019"]
[Source "ChessBase"]
[SourceDate "2018.10.10"]
[SourceVersion "1"]
[SourceVersionDate "2018.10.10"]
[SourceQuality "1"]
[WhiteTeam "Switzerland (W)"]
[BlackTeam "United States (W)"]
[WhiteTeamCountry "SUI"]
[BlackTeamCountry "USA"]

1. d4 d5 2. c4 c6 3. Nf3 Nf6 4. Nc3 dxc4 5. a4 Na6 6. e4 Bg4 7. Be3 e6 8. Bxc4 Nb4 9. Rc1 Be7 10. 0-0 0-0 11. Be2 Qa5 12. Ne5 Bxe2 13. Qxe2 Rac8 14. Rfd1 Rfd8 15. Nc4 Qh5 16. Qxh5 Nxh5 17. Na5 Rd7 18. e5 f5 19. f3 Rcd8 20. g4 b6 21. Nb3 fxg4 22. fxg4 c5 23. gxh5 cxd4 24. Rxd4 Rxd4 25. Nxd4 Nd3 26. Nc6 Re8 27. Nxe7+ Rxe7 28. Rc2 Nxe5 29. Ne4 Nf3+ 30. Kf1 h6 31. Rg2 Kh7 32. Ke2 Ne5 33. Bd4 Nc6 34. Bc3 a6 35. Rg6 b5 36. axb5 axb5 37. b4 Rd7 38. Ke3 Nd8 39. Nc5 Re7 40. Be5 Nc6 41. Bc3 Nd8 42. Ke4 Kh8 1-0